Entreprises du CAC40 - Statistiques

Statistiques générales
  • Ce quiz a été pris 240 fois
  • Le résultat moyen est 14 sur 40
Statistiques - réponses
Hint Réponse % Correct
L LVMH
86%
L' L'Oréal
68%
A Airbus
64%
R Renault
63%
C Carrefour
62%
O Orange
60%
A Air Liquide
58%
B BNP Paribas
56%
T Thales
54%
B Bouygues
51%
C Crédit Agricole
51%
S Société Générale
50%
T TotalEnergies
49%
V Vinci
46%
A Axa
45%
K Kering
45%
S Safran
45%
D Danone
43%
S Stellantis
41%
E Engie
40%
A Accor
38%
S Sanofi
36%
M Michelin
31%
C Capgemini
30%
A Arcelormittal
25%
S Saint-Gobain
25%
D Dassault Systemes
23%
L Legrand
21%
P Pernod-Ricard
21%
S Schneider Electric
21%
E Essilorluxottica
17%
S Stmicroelectronics
17%
E Edenred
15%
T Teleperformance
14%
E Eurofins Scientif
10%
P Publicis Groupe
10%
V Veolia Environnement
7%
H Hermes INTL
6%
B Bureaux Veritas
4%
U Unibail Rodamco Un
2%
Aucun quiz correspondant
Distribution des résultats
% des personnes avec chaque résultat
Percentile par nombre de réponses
Votre historique - résultats
Vous n’avez pas pris ce quiz